00580nam a2200133Ia 4500008004100000100001900041245010800060260008400168300001800252650001400270856007000284999001900354952007300373160712s9999 xx 000 0 und d aOrtiz, Will P. cWill P. OrtizaMga Kuwadro at Rekwerdo ng Kasaysayan: Pagsusuri ng Limang Historikal na Kathang Pambata c2015bLagda: Journal ng U.P. Departamento ng Filipino at Panitikan ng Pilipinas avol. 10 no. 1 xPANITIKAN uhttp://journals.upd.edu.ph/index.php/lagda/issue/view/545/showToc c297093d297093 001040aCLbCLd2016-07-12l0r2016-07-12 00:00:00w2016-07-12yFEJ